Old clocks and watches and their makers (Record no. 542)
[ view plain ]
| 000 -CABECERA | |
|---|---|
| campo de control de longitud fija | 00921nam a2200241 a 4500 |
| 001 - NÚMERO DE CONTROL | |
| campo de control | BRCA_616 |
| 005 - FECHA Y HORA DE LA ÚLTIMA TRANSACCIÓN | |
| campo de control | 20190320203102.0 |
| 008 - DATOS DE LONGITUD FIJA--INFORMACIÓN GENERAL | |
| campo de control de longitud fija | 910730r1971####enka######---#000-0#eng-# |
| 041 ## - CÓDIGO DE LENGUA | |
| Código de lengua del texto/banda sonora o título independiente | eng |
| 044 ## - CÓDIGO DEL PAÍS DE LA ENTIDAD EDITORA/PRODUCTORA | |
| Código MARC del país | enk |
| 050 #4 - SIGNATURA TOPOGRÁFICA DE LA BIBLIOTECA DEL CONGRESO | |
| Número de clasificación | NK7486 |
| Número de documento/Ítem | .B75 1971 |
| 100 1# - ENTRADA PRINCIPAL--NOMBRE DE PERSONA | |
| Nombre de persona | Britten, Frederick James |
| Fechas asociadas al nombre | 1843-1913 |
| 9 (RLIN) | 2105 |
| 245 10 - MENCIÓN DE TÍTULO | |
| Título | Old clocks and watches and their makers |
| Resto del título | being an historical and descriptive account of the different styles of clocks and watches of the past in England and abroad |
| Mención de responsabilidad, etc. | by F. J. Britten. |
| 250 ## - MENCIÓN DE EDICIÓN | |
| Mención de edición | 6 |
| 260 ## - PUBLICACIÓN, DISTRIBUCIÓN, ETC. | |
| Lugar de publicación, distribución, etc. | Inglaterra |
| Nombre del editor, distribuidor, etc. | S. R. Publishers Limited |
| Fecha de publicación, distribución, etc. | reimp. 1971 |
| 300 ## - DESCRIPCIÓN FÍSICA | |
| Extensión | viii, 891 p. |
| Otras características físicas | il. |
| Dimensiones | 24 cm. |
| 500 ## - NOTA GENERAL | |
| Nota general | Incluye lista alfabética de relojes antiguos y relojeros e índice alfabético |
| 500 ## - NOTA GENERAL | |
| Nota general | Donación del Maestro Eugenio Sisto V., 1990 |
| 500 ## - NOTA GENERAL | |
| Nota general | Ver también G49 (6a ed. original, 1932) |
| 650 14 - PUNTO DE ACCESO ADICIONAL DE MATERIA--TÉRMINO DE MATERIA | |
| Término de materia o nombre geográfico como elemento de entrada | Relojes |
| Subdivisión general | Historia |
| 9 (RLIN) | 2106 |
| 650 14 - PUNTO DE ACCESO ADICIONAL DE MATERIA--TÉRMINO DE MATERIA | |
| Término de materia o nombre geográfico como elemento de entrada | Relojeros |
| 9 (RLIN) | 2107 |
| 942 ## - ELEMENTOS DE PUNTO DE ACCESO ADICIONAL (KOHA) | |
| Fuente del sistema de clasificación o colocación | Library of Congress Classification |
| Tipo de ítem Koha | Libros |
| Estado de retiro | Estado de pérdida | Estado dañado | No para préstamo | Localización permanente | Ubicación/localización actual | Fecha de adquisición | Total de préstamos | Signatura topográfica completa | Código de barras | Fecha visto por última vez | Precio válido a partir de | Tipo de ítem Koha |
|---|---|---|---|---|---|---|---|---|---|---|---|---|
| El ejemplar forma parte de la colección y puede ser consultado según las políticas vigentes. | Biblioteca del Museo Franz Mayer (Rogerio Casas-Alatriste) | Biblioteca del Museo Franz Mayer (Rogerio Casas-Alatriste) | 25/06/2008 | NK7486 .B75 1971 | 00945 | 22/03/2019 | 22/03/2019 | Libros |